|
|
|
|
| LEADER |
00973nam a2200253 a 4500 |
| 001 |
1654604 |
| 008 |
090618s1998 njua b 001 0 eng d |
| 010 |
|
|
|a 97036484
|
| 020 |
|
|
|a 0023051620
|
| 040 |
|
|
|a DLC
|c DLC
|d DLC
|
| 082 |
0 |
0 |
|a 658.8
|2 21
|
| 100 |
1 |
|
|a Bagozzi, Richard P.
|
| 245 |
0 |
0 |
|a Marketing management /
|c Richard P. Bagozzi ... [et al.].
|
| 260 |
|
|
|a Upper Saddle River, N.J. :
|b Prentice Hall,
|c c1998.
|
| 300 |
|
|
|a xxii, 718 p. :
|b col. ill. ;
|c 27 cm.
|
| 504 |
|
|
|a Includes bibliographical references and index.
|
| 541 |
1 |
|
|e 00014733
|
| 650 |
|
0 |
|a Marketing
|x Management.
|
| 700 |
1 |
|
|a Rosa, Jose Antonio
|
| 700 |
1 |
|
|a Celly, Kirti Sawhney
|
| 700 |
1 |
|
|a Coronel, Francisco
|
| 852 |
4 |
|
|a Ayesha Abed Library
|j General Shelf.
|
| 999 |
|
|
|c 1770
|d 1770
|
| 952 |
|
|
|0 0
|1 0
|2 ddc
|4 0
|6 658_800000000000000_MAR
|7 0
|9 1621
|a BRACUL
|b BRACUL
|c GEN
|d 2009-06-29
|g 0.00
|l 5
|m 16
|o 658.8 MAR
|p 3010014733
|r 2020-11-11
|s 2020-02-23
|t 1
|w 2009-06-29
|y BK
|x No price found in the accession register.
|